Héliogabale, ou esquisse morale de la dissolution romaine sous les empereurs (Registro nro. 87635)
[ vista simple ]
| 000 -ENCABEZADO | |
|---|---|
| Número de control [NR] | 00659nam a22001937a 4500 |
| 008 - DE LONGITUD FIJA DE DATOS DE ELEMENTOS - INFORMACIÓN GENERAL | |
| Elementos de longitud fija [NR] | 130821s1802 fr gr fre |
| 040 ## - FUENTE DE CATALOGACION [NR] | |
| Agencia de catalogación original [NR] | Co-BoUCM |
| Idioma de catalogación [NR] | spa |
| 041 00 - CODIGO DE IDIOMA [R] | |
| Código de idioma para texto/pista de sonido o título separado [R] | Francés |
| 245 00 - MENCION DE TITULO [NR] | |
| Título [NR] | Héliogabale, ou esquisse morale de la dissolution romaine sous les empereurs |
| 260 ## - PUBLICACION, DISTRIBUCION, ETC. (PIE DE IMPRENTA) [R] | |
| Lugar de publicación, distribución, etc. [R] | París (Francia) |
| Nombre del editor, distribuidor, etc. [R] | Dentu |
| Fecha de publicación, distribución, etc. [R] | 1802 |
| 300 ## - DESCRIPCION FISICA [R] | |
| Extensión [R] | 438 páginas |
| 500 ## - NOTA GENERAL [R] | |
| Nota general [NR] | Incluye índice |
| 650 04 - ASIENTO SECUNDARIO DE MATERIA - TERMINO TEMATICO [R] | |
| Término temático o nombre geográfico como elemento de entrada [NR] | Emperadores romanos |
| 9 (RLIN) | 14070 |
| 650 04 - ASIENTO SECUNDARIO DE MATERIA - TERMINO TEMATICO [R] | |
| Término temático o nombre geográfico como elemento de entrada [NR] | Emperadores romanos |
| Subdivisión general [R] | Usos y costumbres |
| 9 (RLIN) | 14070 |
| 650 04 - ASIENTO SECUNDARIO DE MATERIA - TERMINO TEMATICO [R] | |
| Término temático o nombre geográfico como elemento de entrada [NR] | Emperadores romanos |
| Subdivisión general [R] | Vicios |
| 9 (RLIN) | 14070 |
| 650 04 - ASIENTO SECUNDARIO DE MATERIA - TERMINO TEMATICO [R] | |
| Término temático o nombre geográfico como elemento de entrada [NR] | Usos y costumbres |
| 9 (RLIN) | 26026 |
| 650 04 - ASIENTO SECUNDARIO DE MATERIA - TERMINO TEMATICO [R] | |
| Término temático o nombre geográfico como elemento de entrada [NR] | Vicios |
| 9 (RLIN) | 8224 |
| 942 ## - ELEMENTOS DE ENTRADA AGREGADOS (KOHA) | |
| Tipo de ítem principal el descrito en 300a | Libro |
| Tema principal | [No clasificado] |
| Edición | 1 |
| Parte restante de la signatura top. | H35 |
| Título oculto en OPAC | No |
| Sistema de clasificación | DEWEY |
| Clasificación | 949.506 |
| Signatura topográfica | Código de barras | Última vez visto | Ejemplar | Price effective from | Tipo de ítem | Perdido | Sistema de clasificación | Dañado | No prestable | Tipo de ítem específico | Suprimido | Ubicación habitual | Ubicación actual | Localización | Fecha de creación | Forma de adquisición | Costo |
|---|---|---|---|---|---|---|---|---|---|---|---|---|---|---|---|---|---|
| FCS 949.506 H35 | 120000884 | 06/07/2012 | Ej.1 | 03/02/2013 | Libro | DEWEY | Fondos especiales | Archivo Histórico | Archivo histórico | 28/02/2003 | Donación | 1000.00 |